| 000 | 02954nam a2200313 i 4500 | ||
|---|---|---|---|
| 003 | DO-SdBNP | ||
| 005 | 20260529122101.0 | ||
| 007 | ta | ||
| 008 | 260528e2025 dr ao||gr|||||||| |bspa d | ||
| 020 | _a9789945518665. | ||
| 040 |
_aDO-SdBNP _bspa _cBNPHU _erda |
||
| 041 | _aspa | ||
| 082 |
_bD542r 2025 _222 |
||
| 100 |
_aDíaz, Carmen _989784 _eautor |
||
| 245 | 1 |
_aLa relación médico paciente y la inteligencia artificial / _cCarmen Díaz. |
|
| 264 |
_aSanto Domingo, República Dominicana : _bEscuela de Autores. _bPublicaciones de Libertad, _c2025. |
||
| 300 |
_a118 páginas : _bilustraciones, fotografías ; _c21 cm. |
||
| 336 |
_atexto _btxt _2rdacontent |
||
| 337 |
_asin mediación _bn _2rdamedia |
||
| 338 |
_avolumen _bnc _2rdacarrier |
||
| 500 | _aIncluye biografía de la autora en la parte posterior de la cubierta. | ||
| 520 | _aEsta obra propone una reflexión ética y humanista sobre el futuro de la medicina en una época donde el algoritmo comienzan a ocupar espacios antes reservados al corazón humano. La interacción entre las personas tiene un valor único. La empatía o la generosidad son sentimientos que la inteligencia artificial aún no puede replicar. Sin embargo, la IA puede convertirse en una herramienta que potencie esas conexiones, ayudando a mantener relaciones a distancia, facilitando el acceso a la información o incluso brindando apoyo emocional en ciertos contextos. La empatía médica es un pilar fundamental en la construcción social de la relación médico-paciente y, por tanto, no puede ponerse en riesgo. Las creencias y percepciones de los pacientes sobre la empatía médica, así como las actitudes empáticas de los médicos hacia sus pacientes, están influenciadas por factores socioculturales que modelan sus expectativas. Aunque estas varían según cada cultura, las personas que buscan atención sanitaria valoran profundamente la empatía del personal de salud. La inteligencia artificial puede ser un complemento que enriquezca la conexión humana, pero no reemplaza la calidez, la empatía, la comprensión ni el amor que sólo las personas pueden ofrecer. El pionero de la IA, Geoffrey Hinton, estimó que existe un riesgo del 10 % al 20 % de que la inteligencia artificial tome el control de los humanos. «La gente aún no lo ha entendido; no ha comprendido lo que viene», advirtió el 26 de abril de 2025 durante el Congreso Mundial de Inteligencia Artificial en Antiope. Estas reflexiones expertas invitan a la humanidad a prepararse para los desafíos que traerá esta tecnología. De ahí la necesidad imperiosa de adquirir nuevos conocimientos en materia de inteligencia artificial, comprendiendo tanto sus beneficios como sus riesgos. | ||
| 590 | _aInventariado, 2026/WG. | ||
| 650 | 0 |
_aMedicina _912481 |
|
| 650 | 0 |
_aCiencias médicas _xInvestigaciones _910505 |
|
| 650 | 0 |
_aPruebas médicas _989802 |
|
| 650 | 0 |
_aInteligencia artificial _96152 |
|
| 942 |
_2ddc _cLBS1 |
||
| 999 |
_c60835 _d60835 |
||